Microsoft secrets : how the world's most powerful software company creates technology, shapes markets, and manages people /

Bibliographic Details
Main Author: Cusumano, Michael A., 1954-
Other Authors: Selby, Richard W.
Format: Book
Language:English
Published: New York : Free Press, [1995]
Subjects:

MARC

Tag First Indicator Second Indicator Subfields
LEADER 00000cam a2200000 a 4500
001 in00001270721
005 20151004050239.0
008 950602s1995 nyua b 001 0 eng
010 |a  95030341  
020 |a 0028740483 
035 |a (OCoLC)32698798 
035 |9 AGW0093AM 
040 |a DLC  |c DLC  |d ZZC  |d IPL  |d C#P  |d TXA  |d UtOrBLW 
043 |a n-us--- 
049 |a TXAM 
050 0 0 |a HD9696.C64  |b M533 1995 
082 0 0 |a 338.7/610051/0973  |2 20 
100 1 |a Cusumano, Michael A.,  |d 1954- 
245 1 0 |a Microsoft secrets :  |b how the world's most powerful software company creates technology, shapes markets, and manages people /  |c Michael A. Cusumano, Richard W. Selby. 
264 1 |a New York :  |b Free Press,  |c [1995] 
264 4 |c ©1995 
300 |a xii, 512 pages :  |b illustrations ;  |c 25 cm. 
336 |a text  |b txt  |2 rdacontent 
337 |a unmediated  |b n  |2 rdamedia 
338 |a volume  |b nc  |2 rdacarrier 
504 |a Includes bibliographical references (pages 477-491) and index. 
610 2 0 |a Microsoft Corporation. 
650 0 |a Computer software industry  |z United States. 
700 1 |a Selby, Richard W. 
999 |a MARS 
999 f f |s 33ef6066-d13f-3546-9890-1e7a65b0f172  |i 5e7063a7-6142-3351-b072-69b0eb400e27  |t 0 
952 f f |p ric  |a Texas A&M University  |b Rellis Campus  |c Joint Library Facility  |d Remote Storage  |t 0  |e HD9696.C64 M533 1995  |h Library of Congress classification  |i unmediated -- volume  |m A14819542668 
998 f f |a HD9696.C64 M533 1995  |t 0  |l Remote Storage